[Event "Brno op 12th"]
[Site "Brno"]
[Date "2023.11.17"]
[Round "8"]
[White "Kovalenko, Vladimir N"]
[Black "Biliy, Vadim"]
[Result "1/2-1/2"]
[WhiteElo "1993"]
[BlackElo "2331"]
[PlyCount "23"]
[EventDate "2023.11.11"]
[EventType "swiss"]
[EventRounds "9"]
[EventCountry "CZE"]
[SourceTitle "CBM 217 Extra"]
[Source "ChessBase"]
[SourceDate "2024.01.31"]
[SourceVersion "1"]
[SourceVersionDate "2024.01.31"]
[SourceQuality "1"]

1. e4 e6 2. d4 d5 3. exd5 exd5 4. Bd3 Nf6 5. Bf4 Bd6 6. Bxd6 Qxd6 7. Nf3 0-0 8. 0-0 Bg4 9. h3 Bh5 10. c3 Nc6 11. Nbd2 Nd7 12. Qc2 1/2-1/2

[Event "Brno op 12th"]
[Site "Brno"]
[Date "2023.11.15"]
[Round "6"]
[White "Kovalenko, Vladimir N"]
[Black "Rybackova, Lucie"]
[Result "1/2-1/2"]
[WhiteElo "1993"]
[BlackElo "1924"]
[PlyCount "63"]
[EventDate "2023.11.11"]
[EventType "swiss"]
[EventRounds "9"]
[EventCountry "CZE"]
[SourceTitle "CBM 217 Extra"]
[Source "ChessBase"]
[SourceDate "2024.01.31"]
[SourceVersion "1"]
[SourceVersionDate "2024.01.31"]
[SourceQuality "1"]

1. e4 c6 2. Nc3 d5 3. Nf3 dxe4 4. Nxe4 Nf6 5. Nxf6+ exf6 6. d4 Bd6 7. Bd3 0-0 8. 0-0 Qc7 9. h3 Re8 10. c4 Nd7 11. Qc2 Nf8 12. Bd2 Be6 13. Rfe1 Rad8 14. Rad1 Ng6 15. b3 b6 16. Be4 Bd7 17. Bd3 Qc8 18. Rxe8+ Rxe8 19. Re1 Be6 20. Be4 Bb8 21. Bf5 Rd8 22. Bxe6 fxe6 23. Qe4 e5 24. dxe5 Nxe5 25. Nxe5 Bxe5 26. Be3 Qd7 27. g3 Bc3 28. Rc1 Bb2 29. Rb1 Be5 30. Re1 Bc3 31. Rc1 Bb2 32. Rb1 1/2-1/2

[Event "W-ch Disabled"]
[Site "Dresden"]
[Date "2015.10.22"]
[Round "5"]
[White "Kovalenko, Vladimir N"]
[Black "Yarmonov, Igor"]
[Result "0-1"]
[WhiteElo "2068"]
[BlackElo "2375"]
[PlyCount "100"]
[EventDate "2015.10.18"]
[EventType "swiss"]
[EventRounds "7"]
[EventCountry "GER"]
[SourceTitle "CBM 168 Extra"]
[Source "ChessBase"]
[SourceDate "2015.10.29"]
[SourceVersion "1"]
[SourceVersionDate "2015.10.29"]
[SourceQuality "1"]

1. e4 e5 2. Nf3 Nc6 3. Be2 Nf6 4. d3 d5 5. Nbd2 a5 6. a4 Be7 7. c3 0-0 8. 0-0 b6 9. Re1 Ba6 10. Qc2 Qd7 11. Bf1 d4 12. c4 Qe8 13. Nb1 Nd7 14. Na3 Bxa3 15. Rxa3 Nc5 16. Ra1 Bc8 17. Bd2 Bd7 18. b3 f5 19. exf5 Bxf5 20. Nh4 Qf7 21. Nxf5 Qxf5 22. f3 Kh8 23. Be2 Rad8 24. Rf1 Qg6 25. Rf2 Rd6 26. Raf1 Rdf6 27. g3 h6 28. Qb1 Qh7 29. Qc2 g5 30. h3 Qg6 31. Rg2 Rg8 32. Qb1 Qh7 33. Rd1 h5 34. b4 axb4 35. Bxb4 Nxb4 36. Qxb4 Ra8 37. Qb5 Re6 38. f4 exf4 39. gxf4 gxf4 40. Bf3 Rg8 41. Rdd2 Reg6 42. Rxg6 Qxg6+ 43. Rg2 Qe6 44. Rxg8+ Qxg8+ 45. Kf1 Qe6 46. Kg2 Qe1 47. Qc6 Qg3+ 48. Kh1 Qxh3+ 49. Kg1 Qe6 50. Qxc7 Qe1+ 0-1

[Event "EU-chT ICSC 20th"]
[Site "Liverpool"]
[Date "2011.06.11"]
[Round "5"]
[White "Kovalenko, Vladimir N"]
[Black "Jentsch, Dieter"]
[Result "1/2-1/2"]
[WhiteElo "2165"]
[BlackElo "2180"]
[PlyCount "54"]
[EventDate "2011.06.09"]
[EventType "team-tourn"]
[EventRounds "7"]
[EventCountry "ENG"]
[SourceTitle "CBM 142 Extra"]
[Source "ChessBase"]
[SourceDate "2011.06.27"]
[SourceVersion "1"]
[SourceVersionDate "2011.06.27"]
[SourceQuality "1"]
[WhiteTeam "Kiev"]
[BlackTeam "Hamburg"]
[WhiteTeamCountry "UKR"]
[BlackTeamCountry "GER"]

1. e4 e6 2. d4 d5 3. e5 c5 4. c3 Nc6 5. Nf3 Qb6 6. a3 c4 7. Nbd2 Na5 8. Be2 Bd7 9. 0-0 Ne7 10. Re1 Nf5 11. Rb1 Be7 12. Qc2 h6 13. Nf1 Nb3 14. Bd1 Nxc1 15. Qxc1 Qc7 16. Bc2 0-0-0 17. Ne3 Nxe3 18. fxe3 g5 19. Rf1 g4 20. Nd2 Rdf8 21. e4 Bg5 22. exd5 exd5 23. Bf5 Bxf5 24. Rxf5 Qd7 25. Rf1 Qe6 26. b3 cxb3 27. Rxb3 Kb8 1/2-1/2

[Event "UKR-chT Clubs"]
[Site "Alushta"]
[Date "2011.05.17"]
[Round "5.4"]
[White "Kovalenko, Vladimir N"]
[Black "Zherebukh, Yaroslav"]
[Result "0-1"]
[WhiteElo "2165"]
[BlackElo "2586"]
[PlyCount "62"]
[EventDate "2011.05.13"]
[EventType "team-tourn"]
[EventRounds "9"]
[EventCountry "UKR"]
[SourceTitle "CBM 142 Extra"]
[Source "ChessBase"]
[SourceDate "2011.06.27"]
[SourceVersion "1"]
[SourceVersionDate "2011.06.27"]
[SourceQuality "1"]
[WhiteTeam "Kiev Kashtan"]
[BlackTeam "Chernigov DAN"]
[WhiteTeamCountry "UKR"]
[BlackTeamCountry "UKR"]

1. e4 c5 2. c3 Nf6 3. e5 Nd5 4. d4 cxd4 5. Nf3 Nc6 6. cxd4 d6 7. Bc4 Nb6 8. Bb5 Bd7 9. exd6 e6 10. Nc3 Bxd6 11. 0-0 0-0 12. Ne4 Be7 13. Bd3 f5 14. Nc3 Be8 15. Qb3 Bf7 16. Qd1 Nxd4 17. Ne5 Be8 18. Qe1 Bf6 19. f4 Qd6 20. Kh1 Rd8 21. Be3 Qb4 22. Qb1 Bxe5 23. fxe5 Bc6 24. a3 Qe7 25. b4 Qh4 26. b5 Nf3 27. Bg1 Ne1 28. bxc6 Nxd3 29. c7 Rd7 30. Bxb6 axb6 31. Qxb6 Qc4 0-1

[Event "UKR-chT Clubs"]
[Site "Alushta"]
[Date "2011.05.15"]
[Round "3.4"]
[White "Kovalenko, Vladimir N"]
[Black "Fish, Alexandr"]
[Result "1-0"]
[WhiteElo "2165"]
[BlackElo "1958"]
[PlyCount "101"]
[EventDate "2011.05.13"]
[EventType "team-tourn"]
[EventRounds "9"]
[EventCountry "UKR"]
[SourceTitle "CBM 142 Extra"]
[Source "ChessBase"]
[SourceDate "2011.06.27"]
[SourceVersion "1"]
[SourceVersionDate "2011.06.27"]
[SourceQuality "1"]
[WhiteTeam "Kiev Kashtan"]
[BlackTeam "Simferopol"]
[WhiteTeamCountry "UKR"]
[BlackTeamCountry "UKR"]

1. e4 c5 2. c3 e6 3. d4 d5 4. e5 Nc6 5. Nf3 Nge7 6. Be2 Ng6 7. h4 cxd4 8. cxd4 Bb4+ 9. Kf1 Be7 10. g3 f6 11. h5 Nf8 12. Nc3 Nd7 13. exf6 Bxf6 14. Be3 0-0 15. Qd2 Nb6 16. b3 e5 17. Rd1 Bg4 18. Nxe5 Bxe2+ 19. Qxe2 Nxe5 20. dxe5 Bxe5 21. Bxb6 Qxb6 22. Nxd5 Qc5 23. b4 Qd6 24. Kg2 Kh8 25. Rhe1 Bf6 26. b5 Qc5 27. Nf4 Bc3 28. Rd5 Qb6 29. Red1 Rae8 30. Qg4 Be5 31. Nd3 Bf6 32. a4 a6 33. Nf4 axb5 34. axb5 Be5 35. Nd3 Bf6 36. Nf4 Be5 37. Nd3 Bf6 38. Nf4 Be5 39. Re1 Bxf4 40. Rxe8 Rxe8 41. Qxf4 Kg8 42. Rd7 Qe6 43. Qd4 Re7 44. Rd8+ Kf7 45. Qf4+ Qf6 46. Qb8 Qb6 47. Rf8+ Ke6 48. Qc8+ Kd6 49. Rd8+ Ke5 50. Qc3+ Ke6 51. Qc4+ 1-0

[Event "UKR-chT Clubs"]
[Site "Alushta"]
[Date "2011.05.14"]
[Round "2.3"]
[White "Kovalenko, Vladimir N"]
[Black "Shagbazyan, Taron"]
[Result "0-1"]
[WhiteElo "2165"]
[BlackElo "2303"]
[PlyCount "92"]
[EventDate "2011.05.13"]
[EventType "team-tourn"]
[EventRounds "9"]
[EventCountry "UKR"]
[SourceTitle "CBM 142 Extra"]
[Source "ChessBase"]
[SourceDate "2011.06.27"]
[SourceVersion "1"]
[SourceVersionDate "2011.06.27"]
[SourceQuality "1"]
[WhiteTeam "Kiev Kashtan"]
[BlackTeam "Lugansk"]
[WhiteTeamCountry "UKR"]
[BlackTeamCountry "UKR"]

1. e4 c5 2. c3 e6 3. d4 d5 4. e5 Nc6 5. Nf3 Bd7 6. Be2 Nge7 7. Na3 Ng6 8. Nc2 Be7 9. 0-0 0-0 10. Bd3 c4 11. Bxg6 fxg6 12. Be3 g5 13. Qd2 h6 14. b4 Be8 15. Nfe1 Bg6 16. f3 b5 17. a4 bxa4 18. Rxa4 a5 19. bxa5 Nxa5 20. f4 Qd7 21. Rxa5 Rxa5 22. fxg5 Rxf1+ 23. Kxf1 hxg5 24. Bxg5 Bf8 25. Ne3 Ra1 26. Bh4 Be4 27. Kg1 Qf7 28. Bg3 Qh5 29. h3 Ba3 30. Ng4 Bc1 31. Qe2 Qg5 32. Kh2 Qd2 33. Qf1 Ra8 34. Nf3 Bxf3 35. Qxf3 Rf8 36. Nf6+ gxf6 37. Qg4+ Kf7 38. Qh5+ Kg7 39. exf6+ Rxf6 40. Be5 Qg5 41. Bxf6+ Kxf6 42. Qh8+ Ke7 43. g3 Qd2+ 44. Kh1 Qe1+ 45. Kh2 Qf2+ 46. Kh1 Be3 0-1

[Event "UKR-chT Clubs"]
[Site "Alushta"]
[Date "2011.05.13"]
[Round "1.4"]
[White "Brusilovskiy, Boris"]
[Black "Kovalenko, Vladimir N"]
[Result "1/2-1/2"]
[WhiteElo "2081"]
[BlackElo "2165"]
[PlyCount "37"]
[EventDate "2011.05.13"]
[EventType "team-tourn"]
[EventRounds "9"]
[EventCountry "UKR"]
[SourceTitle "CBM 142 Extra"]
[Source "ChessBase"]
[SourceDate "2011.06.27"]
[SourceVersion "1"]
[SourceVersionDate "2011.06.27"]
[SourceQuality "1"]
[WhiteTeam "Crimea Stars"]
[BlackTeam "Kiev Kashtan"]
[WhiteTeamCountry "UKR"]
[BlackTeamCountry "UKR"]

1. e4 c5 2. Nf3 Nc6 3. d4 cxd4 4. Nxd4 g6 5. Nxc6 bxc6 6. Qd4 Nf6 7. e5 Nd5 8. c4 Qb6 9. Qxb6 Nxb6 10. Nc3 d6 11. exd6 exd6 12. Bf4 Be6 13. 0-0-0 Nxc4 14. Bxc4 Bxc4 15. Rhe1+ Be6 16. Ne4 0-0-0 17. Nxd6+ Bxd6 18. Bxd6 Rd7 19. b3 1/2-1/2

[Event "Kiev-ch"]
[Site "Kiev"]
[Date "2010.03.05"]
[Round "2"]
[White "Melnichuk, Mikhail"]
[Black "Kovalenko, Vladimir N"]
[Result "1/2-1/2"]
[WhiteElo "2314"]
[BlackElo "2160"]
[PlyCount "45"]
[EventDate "2010.03.04"]
[EventType "swiss"]
[EventRounds "9"]
[EventCountry "UKR"]
[SourceTitle "CBM 135 Extra"]
[Source "ChessBase"]
[SourceDate "2010.05.04"]
[SourceVersion "1"]
[SourceVersionDate "2010.05.04"]
[SourceQuality "1"]

1. Nf3 Nf6 2. c4 g6 3. Nc3 Bg7 4. e4 d6 5. d4 0-0 6. Be2 e5 7. 0-0 Nc6 8. d5 Ne7 9. b4 Nh5 10. Re1 Nf4 11. Bf1 h6 12. Bxf4 exf4 13. Rc1 Bg4 14. Qd3 Bxf3 15. Qxf3 g5 16. c5 Ng6 17. Qg4 Ne5 18. Qf5 a5 19. a3 axb4 20. axb4 Ra3 21. Nb5 Ra2 22. cxd6 cxd6 23. Rc7 1/2-1/2

[Event "Kiev-ch"]
[Site "Kiev"]
[Date "2009.01.24"]
[Round "6"]
[White "Kovalenko, Vladimir N"]
[Black "Vorobiov, Ivan"]
[Result "1-0"]
[WhiteElo "2166"]
[BlackElo "2012"]
[PlyCount "67"]
[EventDate "2009.01.17"]
[EventType "swiss"]
[EventRounds "11"]
[EventCountry "UKR"]
[SourceTitle "CBM 128 Extra"]
[Source "ChessBase"]
[SourceDate "2009.03.05"]
[SourceVersion "2"]
[SourceVersionDate "2009.03.25"]
[SourceQuality "1"]

1. e4 c5 2. c3 Nf6 3. e5 Nd5 4. d4 cxd4 5. Nf3 Nc6 6. cxd4 d6 7. Bc4 Nb6 8. Bb5 dxe5 9. Nxe5 Bd7 10. Nxd7 Qxd7 11. Nc3 e6 12. 0-0 Be7 13. Qg4 Kf8 14. Rd1 h5 15. Qe4 a6 16. Be2 Rd8 17. Be3 Bf6 18. Bf3 Kg8 19. d5 Nxd5 20. Nxd5 exd5 21. Rxd5 Qxd5 22. Qxd5 Rxd5 23. Bxd5 Nd8 24. Rd1 g6 25. b3 Kg7 26. Rc1 Re8 27. Kf1 Re7 28. a4 Rd7 29. Bc4 Nc6 30. Bxa6 Nb4 31. Bb5 Rd8 32. Bb6 Rd2 33. Ba5 Bb2 34. Rc4 1-0

[Event "Saratov region op"]
[Site "Saratov"]
[Date "2008.06.02"]
[Round "4"]
[White "Nuskhinov, Bair"]
[Black "Kovalenko, Vladimir N"]
[Result "1-0"]
[WhiteElo "2097"]
[BlackElo "2198"]
[PlyCount "73"]
[EventDate "2008.05.30"]
[EventType "swiss"]
[EventRounds "9"]
[EventCountry "RUS"]
[SourceTitle "CBM 124 Extra"]
[Source "ChessBase"]
[SourceDate "2008.07.03"]
[SourceVersion "1"]
[SourceVersionDate "2008.07.03"]
[SourceQuality "1"]

1. d4 Nf6 2. Nf3 g6 3. c4 Bg7 4. Nc3 d6 5. h3 Nbd7 6. Bf4 a6 7. e3 c5 8. Be2 0-0 9. d5 b5 10. cxb5 axb5 11. Bxb5 Qa5 12. Qd3 Nxd5 13. 0-0 Nxc3 14. bxc3 Bxc3 15. Rab1 Bg7 16. a4 Ba6 17. e4 Bxb5 18. axb5 Rfb8 19. Nd2 Qa2 20. Nc4 Nb6 21. Nxb6 Rxb6 22. Rfe1 Ra3 23. Qd1 Bd4 24. Re2 Qc4 25. Rc2 Qe6 26. Qe2 Qd7 27. Bh6 Qa7 28. Qc4 Ra4 29. Qd5 e6 30. Qg5 Qa8 31. Re2 f6 32. Qg4 d5 33. Qg3 Be5 34. Bf4 Ra1 35. Rbe1 Ra3 36. Qg4 Bc3 37. Bc7 1-0